<?xml version="1.0" encoding="UTF-8"?>
<record
    xmlns:xsi="http://www.w3.org/2001/XMLSchema-instance"
    xsi:schemaLocation="http://www.loc.gov/MARC21/slim http://www.loc.gov/standards/marcxml/schema/MARC21slim.xsd"
    xmlns="http://www.loc.gov/MARC21/slim">

  <leader>01010    a2200193   4500</leader>
  <controlfield tag="001">23288</controlfield>
  <controlfield tag="005">20260407155521.0</controlfield>
  <controlfield tag="008">260407a1971    arg                 spa d</controlfield>
  <controlfield tag="003">AR-UNSa-BCEJYS</controlfield>
  <datafield tag="040" ind1=" " ind2=" ">
    <subfield code="a">AR-UNSa-BCEJYS</subfield>
    <subfield code="b">spa</subfield>
    <subfield code="c">AR-UNSa-BCEJYS</subfield>
  </datafield>
  <datafield tag="080" ind1=" " ind2=" ">
    <subfield code="a">368</subfield>
    <subfield code="x">Seguros. Provisi&#xF3;n comunitaria mediante participaci&#xF3;n en los riesgos</subfield>
  </datafield>
  <datafield tag="245" ind1="1" ind2="0">
    <subfield code="a">Lecciones de seguro</subfield>
  </datafield>
  <datafield tag="264" ind1=" " ind2="1">
    <subfield code="a">Buenos Aires :</subfield>
    <subfield code="b">Depalma</subfield>
    <subfield code="c">1971</subfield>
  </datafield>
  <datafield tag="300" ind1=" " ind2=" ">
    <subfield code="a">120 p.</subfield>
    <subfield code="c">22 cm.</subfield>
  </datafield>
  <datafield tag="505" ind1=" " ind2=" ">
    <subfield code="a">1. T&#xE9;cnicas de seguros - 2. Concepto, origen y evoluci&#xF3;n del contrato de seguro - 3. Partes - 4. Elementos espec&#xED;ficos - 5. Formaci&#xF3;n del contrato - 6. Obligaciones y cargas del asegurado - 7. Obligaciones del asegurador - 8. Seguro de incendio - 9. Seguro de la responsabilidad civil - 9. Seguros agricolas y de animales - 10. Seguro de la responsabilidad civil  - 11. Seguro de transporte - 12. Seguro de robo - 13. Seguro de personas - 14. Reaseguro.</subfield>
  </datafield>
  <datafield tag="942" ind1=" " ind2=" ">
    <subfield code="c">BK</subfield>
  </datafield>
  <datafield tag="590" ind1=" " ind2=" ">
    <subfield code="a">niveau_biblio:m niveau_hierar:0</subfield>
  </datafield>
  <datafield tag="100" ind1="1" ind2=" ">
    <subfield code="a">Halperin, Isaac</subfield>
  </datafield>
  <datafield tag="999" ind1=" " ind2=" ">
    <subfield code="c">1102</subfield>
    <subfield code="d">1102</subfield>
  </datafield>
  <datafield tag="952" ind1=" " ind2=" ">
    <subfield code="0">0</subfield>
    <subfield code="1">0</subfield>
    <subfield code="4">0</subfield>
    <subfield code="7">0</subfield>
    <subfield code="a">BCEJYS</subfield>
    <subfield code="b">BCEJYS</subfield>
    <subfield code="c">16</subfield>
    <subfield code="d">2026-04-07</subfield>
    <subfield code="l">0</subfield>
    <subfield code="o">368 H195</subfield>
    <subfield code="p">L26237</subfield>
    <subfield code="r">2026-04-07 15:55:21</subfield>
    <subfield code="w">2026-04-07</subfield>
    <subfield code="y">L</subfield>
    <subfield code="z">RAYADO C/ L&#xC1;PIZ - RAYADO C/ LAPICERA AZUL Y ROJA - HOJAS MANCHADAS - SUBRAYADO C/ L&#xC1;PIZ - CORRECTOR - ESCRITO C/ L&#xC1;PIZ - RESALTADOR CELESTE</subfield>
  </datafield>
  <datafield tag="952" ind1=" " ind2=" ">
    <subfield code="0">0</subfield>
    <subfield code="1">0</subfield>
    <subfield code="4">0</subfield>
    <subfield code="7">0</subfield>
    <subfield code="a">BCEJYS</subfield>
    <subfield code="b">BCEJYS</subfield>
    <subfield code="c">16</subfield>
    <subfield code="d">2026-04-07</subfield>
    <subfield code="l">0</subfield>
    <subfield code="o">368 H195</subfield>
    <subfield code="p">L26234</subfield>
    <subfield code="r">2026-04-07 15:55:21</subfield>
    <subfield code="w">2026-04-07</subfield>
    <subfield code="y">L</subfield>
    <subfield code="z">SUBRAYADO C/ L&#xC1;PIZ - P&#xC1;G. 20-24 MANCHADAS - ESCRITO C/ L&#xC1;PIZ </subfield>
  </datafield>
  <datafield tag="952" ind1=" " ind2=" ">
    <subfield code="0">0</subfield>
    <subfield code="1">0</subfield>
    <subfield code="4">0</subfield>
    <subfield code="7">0</subfield>
    <subfield code="a">BCEJYS</subfield>
    <subfield code="b">BCEJYS</subfield>
    <subfield code="c">16</subfield>
    <subfield code="d">2026-04-07</subfield>
    <subfield code="l">0</subfield>
    <subfield code="o">368 H195</subfield>
    <subfield code="p">L26751</subfield>
    <subfield code="r">2026-04-07 15:55:21</subfield>
    <subfield code="w">2026-04-07</subfield>
    <subfield code="y">L</subfield>
    <subfield code="z">RAYADO C/ L&#xC1;PIZ - RAYADO C/ LAPICERA - HOJAS MANCHADAS - SUBRAYADO C/ L&#xC1;PIZ - MANCHA ROJA EN CANTO LATERAL - 1RA Y &#xDA;LTIMAS HOJAS DA&#xD1;ADAS </subfield>
  </datafield>
  <datafield tag="952" ind1=" " ind2=" ">
    <subfield code="0">0</subfield>
    <subfield code="1">0</subfield>
    <subfield code="4">0</subfield>
    <subfield code="7">0</subfield>
    <subfield code="a">BCEJYS</subfield>
    <subfield code="b">BCEJYS</subfield>
    <subfield code="c">16</subfield>
    <subfield code="d">2026-04-07</subfield>
    <subfield code="l">0</subfield>
    <subfield code="o">368 H195</subfield>
    <subfield code="p">L24380</subfield>
    <subfield code="r">2026-04-07 15:55:21</subfield>
    <subfield code="w">2026-04-07</subfield>
    <subfield code="y">L</subfield>
  </datafield>
  <datafield tag="952" ind1=" " ind2=" ">
    <subfield code="0">0</subfield>
    <subfield code="1">0</subfield>
    <subfield code="4">0</subfield>
    <subfield code="7">0</subfield>
    <subfield code="a">BCEJYS</subfield>
    <subfield code="b">BCEJYS</subfield>
    <subfield code="c">16</subfield>
    <subfield code="d">2026-04-07</subfield>
    <subfield code="l">0</subfield>
    <subfield code="o">368 H195</subfield>
    <subfield code="p">L44212</subfield>
    <subfield code="r">2026-04-07 15:55:21</subfield>
    <subfield code="w">2026-04-07</subfield>
    <subfield code="y">L</subfield>
    <subfield code="z">RESALTADOR CELESTE - PARTIDO P&#xC1;G. 57 - HOJAS MANCHADAS - CINTA P&#xC1;G. 20 Y 21 - RAYADO C/ L&#xC1;PIZ - RAYADO C/ LAPICERA AZUL - HOJAS MANCHADAS - SUBRAYADO C/ L&#xC1;PIZ - 1RA Y &#xDA;LTIMAS HOJAS DA&#xD1;ADAS - ESCRITO C/ L&#xC1;PIZ </subfield>
  </datafield>
  <datafield tag="952" ind1=" " ind2=" ">
    <subfield code="0">0</subfield>
    <subfield code="1">0</subfield>
    <subfield code="4">0</subfield>
    <subfield code="7">0</subfield>
    <subfield code="a">BCEJYS</subfield>
    <subfield code="b">BCEJYS</subfield>
    <subfield code="c">16</subfield>
    <subfield code="d">2026-04-07</subfield>
    <subfield code="l">0</subfield>
    <subfield code="o">368 H195</subfield>
    <subfield code="p">L44213</subfield>
    <subfield code="r">2026-04-07 15:55:21</subfield>
    <subfield code="w">2026-04-07</subfield>
    <subfield code="y">L</subfield>
    <subfield code="z">SUBRAYADO C/ LAPICERA - SUBRAYADO C/ L&#xC1;PIZ - ALGUNAS HOJAS MANCHADAS - UN POCO H&#xDA;MEDO C/ HOJAS ARRUGADAS </subfield>
  </datafield>
  <datafield tag="952" ind1=" " ind2=" ">
    <subfield code="0">0</subfield>
    <subfield code="1">0</subfield>
    <subfield code="4">0</subfield>
    <subfield code="7">0</subfield>
    <subfield code="a">BCEJYS</subfield>
    <subfield code="b">BCEJYS</subfield>
    <subfield code="c">16</subfield>
    <subfield code="d">2026-04-07</subfield>
    <subfield code="l">0</subfield>
    <subfield code="o">368 H195</subfield>
    <subfield code="p">L12318</subfield>
    <subfield code="r">2026-04-07 15:55:21</subfield>
    <subfield code="w">2026-04-07</subfield>
    <subfield code="y">L</subfield>
    <subfield code="z">RAYADO C/ L&#xC1;PIZ - RAYADO C/ LAPICERA - HOJAS MANCHADAS - SUBRAYADO C/ L&#xC1;PIZ </subfield>
  </datafield>
  <datafield tag="952" ind1=" " ind2=" ">
    <subfield code="0">0</subfield>
    <subfield code="1">0</subfield>
    <subfield code="4">0</subfield>
    <subfield code="7">0</subfield>
    <subfield code="a">BCEJYS</subfield>
    <subfield code="b">BCEJYS</subfield>
    <subfield code="c">16</subfield>
    <subfield code="d">2026-04-07</subfield>
    <subfield code="l">0</subfield>
    <subfield code="o">368 H195</subfield>
    <subfield code="p">L26235</subfield>
    <subfield code="r">2026-04-07 15:55:21</subfield>
    <subfield code="w">2026-04-07</subfield>
    <subfield code="y">L</subfield>
    <subfield code="z">RAYADO C/ L&#xC1;PIZ - RAYADO C/ LAPICERA - HOJAS MANCHADAS - SUBRAYADO C/ L&#xC1;PIZ - ESCRITO C/ L&#xC1;PIZ - 1RA Y &#xDA;LTIMA HOJA DA&#xD1;ADAS </subfield>
  </datafield>
  <datafield tag="952" ind1=" " ind2=" ">
    <subfield code="0">0</subfield>
    <subfield code="1">0</subfield>
    <subfield code="4">0</subfield>
    <subfield code="7">0</subfield>
    <subfield code="a">BCEJYS</subfield>
    <subfield code="b">BCEJYS</subfield>
    <subfield code="c">16</subfield>
    <subfield code="d">2026-04-07</subfield>
    <subfield code="l">0</subfield>
    <subfield code="o">368 H195</subfield>
    <subfield code="p">L26750</subfield>
    <subfield code="r">2026-04-07 15:55:21</subfield>
    <subfield code="w">2026-04-07</subfield>
    <subfield code="y">L</subfield>
    <subfield code="z">RAYADO C/ L&#xC1;PIZ - RAYADO C/ LAPICERA - HOJAS MANCHADAS - SUBRAYADO C/ L&#xC1;PIZ - HOJAS SUELTAS Y DA&#xD1;ADAS </subfield>
  </datafield>
  <datafield tag="952" ind1=" " ind2=" ">
    <subfield code="0">0</subfield>
    <subfield code="1">0</subfield>
    <subfield code="4">0</subfield>
    <subfield code="7">0</subfield>
    <subfield code="a">BCEJYS</subfield>
    <subfield code="b">BCEJYS</subfield>
    <subfield code="c">16</subfield>
    <subfield code="d">2026-04-07</subfield>
    <subfield code="l">0</subfield>
    <subfield code="o">368 H195</subfield>
    <subfield code="p">L26236</subfield>
    <subfield code="r">2026-04-07 15:55:21</subfield>
    <subfield code="w">2026-04-07</subfield>
    <subfield code="y">L</subfield>
    <subfield code="z">RAYADO C/ L&#xC1;PIZ - RAYADO C/ LAPICERA - HOJAS MANCHADAS - SUBRAYADO C/ L&#xC1;PIZ - SUBRAYADO C/ LAPICERA AZUL Y ROJA - ESCRITO C/ LAPICERA</subfield>
  </datafield>
  <datafield tag="952" ind1=" " ind2=" ">
    <subfield code="0">0</subfield>
    <subfield code="1">0</subfield>
    <subfield code="4">0</subfield>
    <subfield code="7">0</subfield>
    <subfield code="a">BCEJYS</subfield>
    <subfield code="b">BCEJYS</subfield>
    <subfield code="c">16</subfield>
    <subfield code="d">2026-04-07</subfield>
    <subfield code="l">0</subfield>
    <subfield code="o">368 H195</subfield>
    <subfield code="p">L44214</subfield>
    <subfield code="r">2026-04-07 15:55:21</subfield>
    <subfield code="w">2026-04-07</subfield>
    <subfield code="y">L</subfield>
    <subfield code="z">RAYADO C/ L&#xC1;PIZ - RAYADO C/ LAPICERA AZUL Y ROJA - HOJAS MANCHADAS - SUBRAYADO C/ L&#xC1;PIZ - CORRECTOR - 1RAS Y &#xDA;LTIMAS HOJAS DA&#xD1;ADAS </subfield>
  </datafield>
</record>
